Trabajadores y empleo en el Chile de los noventas

Saved in:
Bibliografiske detaljer
Hovedforfatter: Escobar Sanhueza, Patricio (Author)
Format: Bog
Sprog:spansk
Udgivet: Santiago Lom 1999
Serier:Colección Sin Norte
Fag:
Tags: Tilføj Tag
Ingen Tags, Vær først til at tagge denne postø!

MARC

LEADER 00000nam a2200000 a 4500
001 UCM2179
003 CL-VaPUC
008 020425e19991200CL |||||||||||||||||spa|d
082 0 4 |a 331  |b ESC  |2 21 
100 0 |a Escobar Sanhueza, Patricio  |e author  |9 468941 
245 1 0 |a Trabajadores y empleo en el Chile de los noventas 
300 |a 229 p 
942 |c BK 
945 |d 20020425 00:00:00  |a vberengu 
260 |a Santiago  |b Lom  |c 1999 
650 0 |a Empleo  |9 339124 
650 0 |a Mercado laboral   |9 375911 
650 7 |a DERECHO LABORAL  |2 CL-VaPUC  |9 15 
650 0 |a Salarios  |9 255321 
650 0 |a Sindicatos  |9 255034 
651 7 |a CHILE  |2 CL-VaPUC  |9 468942 
583 |a last modification  |c 20020425 00:00:00  |k Rodrigo Vera 
490 0 |a Colección Sin Norte 
999 |c 300155  |d 300153 
952 |0 0  |1 0  |4 0  |6 331_000000000000000_ESC_1999  |7 0  |8 A  |9 357519  |a BIBGIM  |b BIBGIM  |d 2019-11-21  |i 3811433  |o 331 ESC 1999  |p 3811433  |r 2025-01-15  |w 2019-11-21  |y BK  |k GIM